[Event "IRI-ch U16"]
[Site "Chess.com INT"]
[Date "2021.01.16"]
[Round "2"]
[White "Ghasemi, Saleh"]
[Black "Zafar Kargar, Yazdi Erfan"]
[Result "1-0"]
[WhiteElo "1151"]
[BlackElo "1402"]
[PlyCount "105"]
[EventDate "2021.01.16"]
[EventType "swiss"]
[EventRounds "11"]
[EventCountry "IRI"]
[SourceTitle "EXT 2022"]
[Source "ChessBase"]
[SourceDate "2021.10.06"]
[SourceVersion "1"]
[SourceVersionDate "2021.10.06"]
[SourceQuality "1"]

1. e4 e6 2. d4 d5 3. Nc3 dxe4 4. Nxe4 Nf6 5. Bg5 Be7 6. Bxf6 Bxf6 7. Nf3 0-0 8. Bd3 Bxd4 9. Nxd4 Qxd4 10. 0-0 h6 11. Ng3 Nc6 12. c3 Qb6 13. Nh5 Ne5 14. b4 Bd7 15. Kh1 Rad8 16. f4 Nxd3 17. Qxd3 Bb5 18. Qg3 g6 19. Rfd1 Be2 20. Rxd8 Rxd8 21. Nf6+ Kg7 22. Ne4 Qc6 23. Qe3 Bc4 24. Nf2 Bd5 25. Qg3 Rd7 26. Ng4 Rd6 27. Ne5 Qa4 28. a3 Be4 29. h4 Rd1+ 30. Rxd1 Qxd1+ 31. Kh2 Qc1 32. a4 Qd1 33. a5 Qd5 34. h5 a6 35. hxg6 Bxg6 36. Nf3 Qh5+ 37. Kg1 Qf5 38. Nh4 Qb1+ 39. Kh2 Qe4 40. Nf3 Kf8 41. Ne5 Qf5 42. Nd7+ Ke7 43. Nc5 Qh5+ 44. Kg1 Qd1+ 45. Kh2 Qh5+ 46. Kg1 Qd1+ 47. Kh2 Qd5 48. Qh4+ Kd6 49. Qd8+ Kc6 50. Qe8+ Kd6 51. Qf8+ Kc6 52. Qe8+ Kd6 53. Qd7# 1-0

[Event "IRI-ch U16"]
[Site "Chess.com INT"]
[Date "2021.01.16"]
[Round "4"]
[White "Rajabi, Mohamad Sadra"]
[Black "Zafar Kargar, Yazdi Erfan"]
[Result "0-1"]
[WhiteElo "1163"]
[BlackElo "1402"]
[PlyCount "106"]
[EventDate "2021.01.16"]
[EventType "swiss"]
[EventRounds "11"]
[EventCountry "IRI"]
[SourceTitle "EXT 2022"]
[Source "ChessBase"]
[SourceDate "2021.10.06"]
[SourceVersion "1"]
[SourceVersionDate "2021.10.06"]
[SourceQuality "1"]

1. d4 e6 2. c4 d5 3. e3 Nf6 4. Nc3 Bd6 5. Nf3 0-0 6. c5 b6 7. cxd6 cxd6 8. Bd3 e5 9. dxe5 dxe5 10. e4 d4 11. Ne2 Nc6 12. 0-0 Bg4 13. Ng3 Rc8 14. h3 Be6 15. Bb5 Qd6 16. Bg5 Nd7 17. Bxc6 Rxc6 18. Bd2 Rfc8 19. Qa4 a5 20. Rac1 Nc5 21. Qa3 f6 22. b4 Nb7 23. Rxc6 Rxc6 24. Qb2 a4 25. a3 b5 26. Rc1 Bc4 27. Nf5 Qe6 28. N3xd4 exd4 29. Nxd4 Qxe4 30. Nxc6 Qxc6 31. Qd4 Nd6 32. Bf4 Nf7 33. Qc5 Qe8 34. Bd2 Ne5 35. Re1 Qd7 36. Qe3 Kf7 37. Bc3 Nd3 38. Rd1 Qf5 39. g4 Qd7 40. Rd2 h5 41. gxh5 Qf5 42. Qa7+ Kg8 43. Qb8+ Kh7 44. Qg3 Nf4 45. Kh2 Nxh5 46. Rd4 Nxg3 47. Rh4+ Nh5 48. Rg4 Qxf2+ 49. Rg2 Qf4+ 50. Kh1 Qc1+ 51. Be1 Qxe1+ 52. Rg1 Bd5+ 53. Kh2 Qf2+ 0-1